Integration nicht ohne Ecken und Kanten
| Titel: | Integration nicht ohne Ecken und Kanten : Neueste Literatur zur historischen Flüchtlingseingliederung und Minderheitenpolitik |
|---|---|
| Verfasser: | |
| In: |
Neue politische Literatur, Band 45 (2000), Seite 292-307 alle Artikel anzeigen |
| Veröffentlicht: | 2000 |
| Format: | Aufsatz |
| Sprache: | Deutsch |
X
alg: 39501751
001A $01999:12-11-16
001B $01999:04-08-21 $t21:02:14.000
001C $06050:19-11-16 $t08:31:54.000
001D $01999:12-11-16
001U $0utf8
001X $00
002@ $0Aox
003@ $0395017513
007A $0395017513 $aHEB
007T $0Herd39057
010@ $ager
011@ $a2000
021A $aIntegration nicht ohne Ecken und Kanten $dNeueste Literatur zur historischen Flüchtlingseingliederung und Minderheitenpolitik
028A $aMesserschmidt $dRolf
031A $d45 $h292-307 $j2000
039B $aIn $8--Abvc--. Neue politische Literatur. - Wiesbaden : Springer VS, 1956-. - ISSN 0028-3320 $x200000000450000708 $9046846980
039T $8--Aau--. Bayerns vierter Stamm. - Köln {[u.a.] : Böhlau, 1998. - VI, 264 S.. - Ill., graph. Darst.. - ISBN 3-412-05698-7 $9059015640
045F $a900.94371 $eDDC23BSB
045F/01 $a900
045F/03 $g4371
045T $a3,6
lok: 39501751 78
exp: 39501751 78 1 #EPN
201B/01 $026-11-17 $t03:53:19.000
201U/01 $0utf8
203@/01 $0791316122
208@/01 $a12-11-16 $be
209A/01 $a/ $f000 $x00
220C/01 $aTitelaufnehmer: mt
244Z/01 $#Tschechien $#Tschechische Republik $#Tschechische Republik $#Tschechenland $#Tschechei Tschechien $#Česká Republika $#Czech Republic $#ČR $74303381-7 $8--Tg1--Tschechien $x01 $9086659812
244Z/01 $2Trx $#Böhmen $#Bohemia $#Czechy $8--Trx--Čechy $x02 $9391188941
244Z/01 $2Trx $#arvustused $#recenzijos $#Reviews $#recenziók $#recenzje $#recenzie $#recenze $8--Trx--Rezensionen $x03 $9391357441
247C/01 $82080>Marburg/Lahn, Herder-Institut, Forschungsbibliothek, Bibliographieportal $9336309341
| LEADER | 00000caa a22000002c 4500 | ||
|---|---|---|---|
| 001 | 395017513 | ||
| 003 | DE-603 | ||
| 005 | 20210804210214.0 | ||
| 007 | tu | ||
| 008 | 161112s2000 xx |||| | u00||u|ger c | ||
| 035 | |a (DE-599)HEB395017513 | ||
| 040 | |a DE-603 |b ger |c DE-603 |d DE-603 | ||
| 041 | |a ger | ||
| 082 | 0 | 4 | |8 1\u |a 900.94371 |q DE-101 |2 23/BSB |
| 084 | |a 3,6 |2 ssgn | ||
| 085 | |8 1\u |b 900 | ||
| 085 | |8 1\u |z 2 |s 4371 | ||
| 100 | 1 | |a Messerschmidt, Rolf | |
| 245 | 0 | 0 | |a Integration nicht ohne Ecken und Kanten |b Neueste Literatur zur historischen Flüchtlingseingliederung und Minderheitenpolitik |
| 264 | 0 | |c 2000 | |
| 773 | 0 | 8 | |i In |t Neue politische Literatur |d Wiesbaden : Springer VS, 1956- |x 0028-3320 |g Band 45 (2000), Seite 292-307 |w (DE-603)046846980 |w (DE-600)3402-2 |
| 787 | 0 | 8 | |i Rezension von |t Bayerns vierter Stamm |d Köln [u.a.] : Böhlau, 1998 |h VI, 264 S., Ill., graph. Darst. |z 3412056987 |w (DE-603)059015640 |
| 924 | 0 | |9 2080 |a (DE-603)791316122 |b DE-2080 |c HES |d d |g / | |


